Loading...
Literature - American Lit | 2 | 4 | 1 | 0 | 65 | 47 | 109.00 | 3 | 6 |
Literature - World Lit | 0 | 6 | 0 | 1 | 60 | 88 | 114.50 | 2 | 6 |
History - Euro History | 0 | 6 | 1 | 1 | 55 | 78 | 113.67 | 2 | 6 |
Arts - Music | 1 | 3 | 0 | 0 | 45 | 76 | 89.25 | 4 | 4 |
Literature - Euro Lit | 0 | 5 | 1 | 0 | 45 | 62 | 104.00 | 4 | 5 |
Other - Pop Culture | 1 | 3 | 0 | 2 | 45 | 85 | 109.25 | 1 | 4 |
Thought - Social Science | 1 | 3 | 0 | 0 | 45 | 33 | 77.50 | 3 | 4 |
History - Other History | 0 | 4 | 0 | 1 | 40 | 98 | 109.75 | 0 | 4 |
Literature - British Lit | 1 | 3 | 1 | 0 | 40 | 73 | 114.25 | 2 | 4 |
Thought - Philosophy | 0 | 3 | 1 | 0 | 25 | 96 | 114.00 | 2 | 3 |
Other - Other Academic | 0 | 2 | 0 | 1 | 20 | 97 | 112.50 | 1 | 2 |
Beliefs - Mythology | 0 | 2 | 0 | 1 | 20 | 128 | 144.50 | 0 | 2 |
Arts - Painting | 0 | 2 | 0 | 1 | 20 | 118 | 125.00 | 0 | 2 |
Science - Physics | 0 | 2 | 0 | 1 | 20 | 131 | 133.50 | 0 | 2 |
Beliefs - Religion | 0 | 2 | 0 | 1 | 20 | 120 | 127.00 | 0 | 2 |
History - American History | 0 | 2 | 0 | 1 | 20 | 123 | 126.50 | 0 | 2 |
History - World History | 0 | 2 | 1 | 1 | 15 | 94 | 111.00 | 0 | 2 |
Arts - Other Arts | 0 | 2 | 1 | 1 | 15 | 115 | 126.50 | 1 | 2 |
Science - Other Science | 0 | 1 | 0 | 0 | 10 | 129 | 129.00 | 0 | 1 |
Science - Chemistry | 0 | 0 | 0 | 0 | 0 | 0.00 | 0 | 0 |